000 00605nam a2200217 a 4500
001 BRL_1012
005 20190320211008.0
008 311013s1974----mx-#######---#000-0#spa-#
041 _aspa
044 _amx
050 4 _aPQ7183
_b.S74 1974
100 1 _aSten, María
_923687
245 1 0 _aVida y muerte del teatro náhuatl
_bel Olimpo sin Prometeo
_cMaría Sten.
260 _aMéxico
_bSecretaría de Educación Pública
_c1974
300 _a214 p.
_c17 cm.
440 0 _aSepsetentas
_v120
_922717
500 _aAu1121
650 1 4 _aTeatro
_xHistoria
_zMéxico
_925572
902 _aGRL
942 _2lcc
_cB
999 _c9824
_d9824